000 00451nam a2200181Ia 4500
001 2355
005 20260306144801.0
008 260306t2017||||xx |||||||||||||| ||spa||
041 _aESP
082 _a616.89
_bB24C
100 _aBartol, Curt R.
_eAUT
245 0 _aComportamiento criminal:
_buna perspectiva psicológica
260 _c2017
300 _axxi, 608 páginas :
_c27 cm.
650 _aGEN
654 _aCPS
942 _cLIB
_dJUS
_fJUS
_2ddc
_n
999 _c2355
_d2355